[Event "47th World U20 ch"]
[Site "Gaziantep TUR"]
[Date "2008.08.04"]
[Round "2.48"]
[White "Ozdover, Mustafa Berkay"]
[Black "Rzayev, Bahruz"]
[Result "0-1"]
[WhiteElo "1768"]
[BlackElo "2245"]
[EventDate "2008.08.03"]
[PlyCount "106"]

1.f4 e5 2.e4 d5 3.exd5 e4 4.Nc3 Nf6 5.d3 Bb4 6.Bd2 e3 7.Bxe3 O-O 8.Ne2 
Nxd5 9.Bd2 Bxc3 10.bxc3 Re8 11.Kf2 Nc6 12.Ng3 f5 13.Be2 Qd6 14.Qc1 Nxc3 
15.Re1 Qc5+ 16.Be3 Nd4 17.Bf3 Bd7 18.Qb2 Re7 19.Nf1 Rae8 20.Rac1 g5 21.g3 
g4 22.Bg2 Bc6 23.Bxc6 Qxc6 24.Nd2 Nde2 25.Qb3+ Qe6 26.Nc4 Qd5 27.Ne5 Rxe5 
28.fxe5 Nxc1 29.Bxc1 Qxb3 30.axb3 Kf7 31.Bd2 Nb5 32.c3 c5 33.b4 cxb4 34.
cxb4 Nd4 35.Bf4 Rc8 36.Ra1 a6 37.Ra5 Ke6 38.Ra1 Rc2+ 39.Ke3 Kd5 40.Ra5+ b5
41.Bh6 Re2+ 42.Kf4 Rxe5 43.Rxa6 Ne6+ 44.Rxe6 Kxe6 45.Bf8 Re2 46.Bc5 Rxh2 
47.d4 h5 48.Kg5 h4 49.gxh4 g3 50.Kf4 g2 51.Kf3 Kd5 52.Kf2 Rxh4 53.Kxg2 
Rxd4 0-1

[Event "47th World U20 ch"]
[Site "Gaziantep TUR"]
[Date "2008.08.04"]
[Round "3.31"]
[White "Georgescu, Tiberiu"]
[Black "Yaksin, Oleg"]
[Result "1/2-1/2"]
[WhiteElo "2442"]
[BlackElo "2307"]
[EventDate "2008.08.03"]
[PlyCount "58"]

1.d4 d5 2.c4 e6 3.Nf3 Nf6 4.g3 dxc4 5.Bg2 Nc6 6.Qa4 Bb4+ 7.Bd2 Nd5 8.Bxb4 
Nxb4 9.O-O Bd7 10.a3 b5 11.Qd1 Nd5 12.e4 Nb6 13.Nc3 Ne7 14.Ne5 O-O 15.a4 
b4 16.Nb1 a5 17.Nd2 Qe8 18.Ndxc4 Bxa4 19.Qd2 Bb5 20.Rfc1 Nxc4 21.Nxc4 Bxc4
22.Rxc4 Qd7 23.Rc5 Rfd8 24.e5 Ra7 25.Raxa5 Rxa5 26.Rxa5 Nc6 27.Bxc6 Qxc6 
28.Qxb4 Qc1+ 29.Kg2 Qc6+ 1/2-1/2

[Event "47th World U20 ch"]
[Site "Gaziantep TUR"]
[Date "2008.08.04"]
[Round "3.34"]
[White "Kalashian, David"]
[Black "Sarenac, Ivan"]
[Result "1-0"]
[WhiteElo "2432"]
[BlackElo "2289"]
[EventDate "2008.08.03"]
[PlyCount "91"]

1.d4 Nf6 2.c4 g6 3.Nc3 d5 4.Bf4 Bg7 5.e3 c5 6.dxc5 Qa5 7.Rc1 dxc4 8.Bxc4 
O-O 9.Ne2 Qxc5 10.Qb3 Qa5 11.O-O Na6 12.Rfd1 Nc5 13.Qb5 Qxb5 14.Nxb5 Be6 
15.Ned4 Bxc4 16.Rxc4 Ncd7 17.Bg3 a6 18.Na3 Rac8 19.Rdc1 Rxc4 20.Rxc4 Nd5 
21.Kf1 Rd8 22.Rc1 Kf8 23.Ke2 Nb4 24.Rc7 Bxd4 25.exd4 b5 26.Nc2 Nxa2 27.Bf4
Nb6 28.Bd2 Nd5 29.Ra7 Rd6 30.Bh6+ Ke8 31.Ra8+ Kd7 32.Bd2 Rc6 33.Kd1 h5 34.
g3 Ke6 35.Rd8 Rc4 36.Ne3 Nxe3+ 37.fxe3 Kf5 38.Ra8 Rc6 39.d5 Rd6 40.Kc2 b4 
41.Ra7 Rxd5 42.Rxe7 Kf6 43.Rb7 a5 44.e4 b3+ 45.Rxb3 Rd4 46.Bxa5 1-0

[Event "47th World U20 ch"]
[Site "Gaziantep TUR"]
[Date "2008.08.04"]
[Round "3.41"]
[White "Anton, Teodor"]
[Black "Acarbay, Aydin"]
[Result "0-1"]
[WhiteElo "2353"]
[BlackElo "1825"]
[EventDate "2008.08.03"]
[PlyCount "70"]

1.d4 Nf6 2.c4 c5 3.d5 b5 4.cxb5 a6 5.b6 e6 6.Nc3 Nxd5 7.Nxd5 exd5 8.Qxd5 
Nc6 9.e4 Be7 10.Nf3 Rb8 11.Bc4 O-O 12.O-O Rxb6 13.Qh5 d6 14.Rd1 Be6 15.Bd3
c4 16.Bc2 Rb5 17.e5 g6 18.Qh6 Nxe5 19.Nd4 Rb8 20.Nxe6 fxe6 21.Qh3 Qd7 22.
Qg3 Nf7 23.Bxg6 hxg6 24.Qxg6+ Kh8 25.Rd4 Ne5 26.Qh5+ Kg8 27.Qxe5 dxe5 28.
Rxd7 Bc5 29.Rd2 Rxf2 30.Rxf2 Rf8 31.Be3 Bxe3 32.Rf1 Rb8 33.Kh1 Bxf2 34.
Rxf2 c3 35.b3 Rd8 0-1

[Event "47th World U20 ch"]
[Site "Gaziantep TUR"]
[Date "2008.08.05"]
[Round "4.13"]
[White "Laznicka, Viktor"]
[Black "Nechepurenko, Roman"]
[Result "1-0"]
[WhiteElo "2601"]
[BlackElo "2476"]
[EventDate "2008.08.03"]
[PlyCount "43"]

1.Nf3 Nf6 2.c4 g6 3.Nc3 d5 4.cxd5 Nxd5 5.Qa4+ Nc6 6.Ne5 Nb4 7.a3 Bg7 8.
axb4 Bxe5 9.b5 Nb8 10.g3 c6 11.Bg2 O-O 12.O-O Bd7 13.Qb4 Bd6 14.Qh4 Qb6 
15.d3 cxb5 16.Be3 Qc7 17.Nd5 Qd8 18.Nb6 Nc6 19.Nxa8 Qxa8 20.Bxa7 Nxa7 21.
Qd4 Nc6 22.Bxc6 1-0

[Event "47th World U20 ch"]
[Site "Gaziantep TUR"]
[Date "2008.08.07"]
[Round "6.29"]
[White "Sirin, Atakan"]
[Black "Pruijssers, Roeland"]
[Result "1/2-1/2"]
[WhiteElo "2107"]
[BlackElo "2452"]
[EventDate "2008.08.03"]
[PlyCount "98"]

1.d4 Nf6 2.Nc3 d5 3.Bg5 c5 4.Bxf6 gxf6 5.e4 dxe4 6.dxc5 Qa5 7.Qh5 Bg7 8.
Bb5+ Nc6 9.Ne2 f5 10.a3 O-O 11.O-O Be6 12.Qg5 Qc7 13.Nf4 Nd4 14.Nh5 Qe5 
15.f4 exf3 16.Rae1 h6 17.Qxe7 Ne2+ 18.Nxe2 fxe2 19.Rxe2 Qxb2 20.Nxg7 Qxg7 
21.Rf3 Qa1+ 22.Kf2 Qd4+ 23.Kf1 f4 24.Qh4 Qxc5 25.Bd3 Qg5 26.Rxf4 Kh8 27.
Qf2 Rae8 28.Qd4+ f6 29.h4 Qg7 30.Qxa7 Bd5 31.Qf2 Rxe2 32.Bxe2 f5 33.Kg1 
Be4 34.Bd3 Bxd3 35.cxd3 Qd7 36.Qb6 Qg7 37.Qf2 Qa1+ 38.Kh2 Qxa3 39.Qd4+ Kh7
40.Qd7+ Kh8 41.Rxf5 Rxf5 42.Qxf5 Qd6+ 43.g3 b6 44.Qe4 Kg7 45.Kg2 h5 46.d4 
Qg6 47.Kf3 b5 48.Qxg6+ Kxg6 49.Ke4 b4 1/2-1/2

[Event "47th World U20 ch"]
[Site "Gaziantep TUR"]
[Date "2008.08.07"]
[Round "6.41"]
[White "Dragicevic, Drazen"]
[Black "Ilic, Slavisa"]
[Result "1-0"]
[WhiteElo "2302"]
[BlackElo "2081"]
[EventDate "2008.08.03"]
[PlyCount "107"]

1.e4 d5 2.exd5 Qxd5 3.Nc3 Qa5 4.d4 Nf6 5.Bd3 Bg4 6.f3 Bh5 7.Ne2 e6 8.Nf4 
Bg6 9.Qe2 Bxd3 10.Nxd3 Nbd7 11.Bd2 c6 12.O-O-O Nd5 13.Kb1 Nxc3+ 14.Bxc3 
Qb6 15.f4 O-O-O 16.f5 exf5 17.Qf3 g6 18.g4 Bg7 19.Ne5 Nxe5 20.dxe5 Qc7 21.
Qe3 fxg4 22.Qxa7 Bxe5 23.Ba5 Qe7 24.Bxd8 Rxd8 25.Rxd8+ Qxd8 26.a4 f5 27.
Qa8+ Bb8 28.a5 Qd4 29.a6 Qa7 30.axb7+ Qxb7 31.Qa2 Qd7 32.Qa6+ Qb7 33.Qc4 
Qd7 34.Qg8+ Kb7 35.Qb3+ Ka8 36.Re1 Qd5 37.Qa4+ Kb7 38.Qb4+ Qb5 39.Qe7+ Kb6
40.Re3 Bxh2 41.Rb3 Qxb3 42.cxb3 g3 43.Qe3+ Kb7 44.Qf4 Kc8 45.Kc2 Kd7 46.
Kd3 Ke6 47.Ke2 Kf6 48.Kf3 Kg7 49.Qc7+ Kh6 50.Qe7 Bg1 51.Kxg3 c5 52.b4 cxb4
53.Qxb4 Be3 54.Qh4+ 1-0

[Event "47th World U20 ch"]
[Site "Gaziantep TUR"]
[Date "2008.08.10"]
[Round "8.32"]
[White "Apaydin, Fethi"]
[Black "Rombaldoni, Denis"]
[Result "0-1"]
[WhiteElo "2187"]
[BlackElo "2418"]
[EventDate "2008.08.03"]
[PlyCount "181"]

1.e4 c6 2.d3 d5 3.Nd2 e5 4.Ngf3 Bd6 5.d4 exd4 6.exd5 cxd5 7.Bb5+ Nc6 8.
Nxd4 Ne7 9.N2f3 O-O 10.O-O Bg4 11.Be2 Qd7 12.Re1 Rae8 13.h3 Bh5 14.Be3 Ng6
15.Qd2 Bb8 16.Rad1 a6 17.Nxc6 bxc6 18.Bc5 Nf4 19.Bxf8 Rxe2 20.Rxe2 Bxf3 
21.Re7 Nxh3+ 22.Kf1 Bxg2+ 23.Kxg2 Qg4+ 24.Kf1 Qg1+ 25.Ke2 Qxf2+ 26.Kd3 
Nf4+ 27.Kc3 Qc5+ 28.Kb3 Qc4+ 29.Ka3 Kxf8 30.Re3 Bd6+ 31.b4 a5 32.c3 Ne6 
33.Kb2 axb4 34.cxb4 Bf4 35.Rde1 c5 36.a3 cxb4 37.Qxb4+ Qxb4+ 38.axb4 Bxe3 
39.Rxe3 Ke7 40.Ra3 Ng5 41.Kc3 Kd6 42.Ra6+ Ke5 43.b5 d4+ 44.Kc4 Ne4 45.b6 
Nd6+ 46.Kc5 d3 47.Kc6 f5 48.Ra5+ Ke6 49.Rd5 Nc8 50.b7 Ne7+ 51.Kc5 Nxd5 52.
b8=Q Nf6 53.Qd6+ Kf7 54.Qxd3 Kg6 55.Kd6 Kg5 56.Ke6 Ne4 57.Qe3+ Kg4 58.Qe2+
Kh4 59.Qh2+ Kg4 60.Ke5 Ng3 61.Qxh7 g5 62.Qd7 Kh4 63.Qh7+ Kg4 64.Qd7 Kh4 
65.Kd4 f4 66.Kd3 g4 67.Qh7+ Kg5 68.Qg7+ Kf5 69.Qh7+ Kg5 70.Qh2 Nf1 71.Qf2 
Ng3 72.Kd4 Nh5 73.Ke5 f3 74.Qd2+ Kh4 75.Kf5 Ng3+ 76.Kf4 Kh3 77.Qd7 Ne2+ 
78.Ke3 Kg3 79.Qf5 Kh4 80.Qh7+ Kg3 81.Qg6 Ng1 82.Qd6+ Kg2 83.Kf4 f2 84.Qd2 
g3 85.Qd5+ Kh2 86.Qd1 g2 87.Kg4 Nf3 88.Qd6+ Kh1 89.Qh6+ Nh2+ 90.Kh3 f1=Q 
91.Qf4 0-1

[Event "47th World U20 ch"]
[Site "Gaziantep TUR"]
[Date "2008.08.10"]
[Round "8.34"]
[White "Martins, Vinicius Tine"]
[Black "Vocaturo, Daniele"]
[Result "0-1"]
[WhiteElo "2292"]
[BlackElo "2417"]
[EventDate "2008.08.03"]
[PlyCount "56"]

1.e4 e5 2.Nf3 Nc6 3.Bb5 a6 4.Ba4 Nf6 5.O-O Nxe4 6.d4 b5 7.Bb3 d5 8.dxe5 
Be6 9.c3 Bc5 10.Nbd2 O-O 11.Bc2 Bxf2+ 12.Rxf2 f6 13.exf6 Qxf6 14.Nb3 Nxf2 
15.Kxf2 Ne5 16.Nd4 Bg4 17.b4 a5 18.Bd2 axb4 19.cxb4 Qd6 20.Be3 Bxf3 21.
gxf3 Ng4+ 22.Ke2 Nxe3 23.Kxe3 Rae8+ 24.Kd3 Rf4 25.Qg1 c5 26.bxc5 Qxc5 27.
Bb3 b4 28.Ne2 Qb5+ 0-1

[Event "47th World U20 ch"]
[Site "Gaziantep TUR"]
[Date "2008.08.10"]
[Round "8.36"]
[White "McPhillips, Karl"]
[Black "Akshayraj, Kore"]
[Result "1/2-1/2"]
[WhiteElo "2221"]
[BlackElo "2392"]
[EventDate "2008.08.03"]
[PlyCount "89"]

1.d4 Nf6 2.c4 e6 3.Nf3 c5 4.d5 exd5 5.cxd5 d6 6.Nc3 g6 7.Bf4 Bg7 8.Qa4+ 
Bd7 9.Qb3 Qc7 10.e4 O-O 11.Nd2 Nh5 12.Be3 f5 13.exf5 gxf5 14.Be2 f4 15.
Bxc5 f3 16.Nce4 fxe2 17.Bxd6 Qb6 18.Bxf8 Qxb3 19.axb3 Kxf8 20.g3 Bxb2 21.
Ra2 Bd4 22.Kxe2 Na6 23.Nc4 Re8 24.Nd6 Nf6 25.Nxe8 Nxe4 26.Kd3 Bb6 27.Kxe4 
Bxe8 28.f4 Nc5+ 29.Ke5 Nxb3 30.Rc2 Ke7 31.f5 Bd4+ 32.Ke4 Bb6 33.Re1 Kd7 
34.Kf4 Nd4 35.Rc4 Bf7 36.f6 Kd6 37.Re7 Bxd5 38.Rc8 Ne6+ 39.Kf5 Bd8 40.Rxh7
Nd4+ 41.Kg6 Be4+ 42.Kf7 Bd5+ 43.Kg6 Be4+ 44.Kf7 Bd5+ 45.Kg6 1/2-1/2

[Event "47th World U20 ch"]
[Site "Gaziantep TUR"]
[Date "2008.08.11"]
[Round "9.27"]
[White "Abdulov, Orkhan"]
[Black "Stupak, Kirill"]
[Result "1-0"]
[WhiteElo "2318"]
[BlackElo "2458"]
[EventDate "2008.08.03"]
[PlyCount "61"]

1.e4 e6 2.d4 d5 3.exd5 exd5 4.c4 Bb4+ 5.Nc3 Nf6 6.Bd3 c5 7.Ne2 Bg4 8.cxd5 
Nxd5 9.f3 Be6 10.a3 Bxc3+ 11.bxc3 cxd4 12.Nxd4 O-O 13.Nxe6 Qe7 14.Bxh7+ 
Kxh7 15.Qxd5 Qxe6+ 16.Qxe6 fxe6 17.Kf2 Nc6 18.Re1 Rfe8 19.Bg5 Rac8 20.Rad1
Na5 21.Rd7 Kg6 22.Bf4 Rxc3 23.Re5 Rc2+ 24.Kg3 Nc4 25.Rg5+ Kf6 26.Rgxg7 e5 
27.Bg5+ Ke6 28.Rxb7 a5 29.Rbc7 Rb8 30.h4 a4 31.Rg6+ 1-0

[Event "47th World U20 ch"]
[Site "Gaziantep TUR"]
[Date "2008.08.11"]
[Round "9.36"]
[White "Benidze, Davit"]
[Black "Oliver, Gareth"]
[Result "1-0"]
[WhiteElo "2389"]
[BlackElo "2196"]
[EventDate "2008.08.03"]
[PlyCount "69"]

1.d4 Nf6 2.c4 g6 3.Nc3 Bg7 4.e4 d6 5.f3 O-O 6.Be3 c5 7.dxc5 dxc5 8.Qxd8 
Rxd8 9.Bxc5 Nc6 10.Ba3 Nd7 11.Nge2 Nde5 12.Nf4 Nd4 13.O-O-O Bh6 14.Nd5 e6 
15.Rxd4 Bxf4+ 16.Nxf4 Rxd4 17.b3 Rd8 18.h4 h5 19.Bb2 Nd7 20.g4 hxg4 21.
fxg4 Nf8 22.h5 Re8 23.hxg6 fxg6 24.Rh8+ Kf7 25.Nd3 Bd7 26.Ne5+ Ke7 27.g5 
Kd6 28.Nf7+ Kc6 29.e5 Kc7 30.Ba3 Bc6 31.Bd6+ Kb6 32.c5+ Ka5 33.Rh4 b5 34.
Bc7+ Ka6 35.Nd6 1-0

[Event "47th World U20 ch"]
[Site "Gaziantep TUR"]
[Date "2008.08.12"]
[Round "10.30"]
[White "Ashwin, Jayaram"]
[Black "Anton, Teodor"]
[Result "1-0"]
[WhiteElo "2436"]
[BlackElo "2353"]
[EventDate "2008.08.03"]
[PlyCount "117"]

1.e4 e5 2.Nf3 Nc6 3.Bc4 Nf6 4.d3 Bc5 5.c3 d6 6.Bb3 a6 7.h3 O-O 8.Bg5 h6 9.
Bh4 Ba7 10.Nbd2 Be6 11.g4 g5 12.Bg3 Qd7 13.Nc4 b5 14.Ne3 Bxe3 15.fxe3 Bxb3
16.axb3 Rfe8 17.O-O Kg7 18.c4 bxc4 19.bxc4 Ne7 20.Nxe5 dxe5 21.Bxe5 Ng8 
22.Bc3 Qd6 23.Qf3 Rac8 24.Ra5 c5 25.d4 Rxe4 26.Qxe4 Nxe4 27.dxc5+ Qf6 28.
Bxf6+ Ngxf6 29.Rf5 Rb8 30.c6 Rb6 31.c7 Rc6 32.c5 Rxc7 33.Rxa6 Rd7 34.b4 
Rd1+ 35.Rf1 Rd2 36.Ra7 Rb2 37.c6 Rxb4 38.c7 Rc4 39.Rd1 Ne8 40.Ra4 Rxc7 41.
Rxe4 Nf6 42.Red4 h5 43.Kg2 hxg4 44.hxg4 Rc2+ 45.Kg3 Re2 46.R1d3 Rc2 47.Ra3
Rc5 48.Rda4 Rc2 49.Kf3 Nd7 50.Ra5 Nc5 51.Ra2 Rc1 52.Ra1 Rc3 53.Rd1 Ne6 54.
Rd7 Rc1 55.Rf5 Rf1+ 56.Ke4 Rxf5 57.Kxf5 Nf8 58.Rb7 Nh7 59.e4 1-0

[Event "47th World U20 ch"]
[Site "Gaziantep TUR"]
[Date "2008.08.12"]
[Round "10.31"]
[White "Djuraev, Sokhib"]
[Black "Vocaturo, Daniele"]
[Result "1-0"]
[WhiteElo "2324"]
[BlackElo "2417"]
[EventDate "2008.08.03"]
[PlyCount "101"]

1.e4 c5 2.Nf3 d6 3.d4 cxd4 4.Nxd4 Nf6 5.Nc3 a6 6.Be2 e5 7.Nb3 Be7 8.O-O 
O-O 9.a4 Be6 10.Be3 Nbd7 11.a5 Rc8 12.Qd2 Qc7 13.Rfd1 Nc5 14.Nxc5 dxc5 15.
Nd5 Bxd5 16.exd5 Bd6 17.Ra4 e4 18.h3 Rce8 19.f4 exf3 20.Bxf3 Nd7 21.Bf4 
Ne5 22.Re4 f5 23.Rxe5 Bxe5 24.d6 Bxf4 25.dxc7 Bxd2 26.Rxd2 Re7 27.Rd8 Rxc7
28.Bd5+ Rf7 29.Rd7 g6 30.Rxb7 Kg7 31.Bxf7 Rxf7 32.Rb6 Rd7 33.Rxa6 Rd2 34.
Rc6 Rxc2 35.b4 Rb2 36.bxc5 Ra2 37.a6 Kf7 38.Rb6 Ke8 39.h4 Kd8 40.Kh2 Ra5 
41.Kg3 Kc7 42.Kf4 Rxc5 43.Rb7+ Kd6 44.a7 Ra5 45.Rxh7 Ke6 46.Kg5 Ra2 47.g3 
Ra3 48.Kh6 Kf6 49.Rg7 f4 50.gxf4 Kf5 51.Rf7+ 1-0

[Event "47th World U20 ch"]
[Site "Gaziantep TUR"]
[Date "2008.08.15"]
[Round "13.21"]
[White "Lin Chen"]
[Black "Papadopoulos, Ioannis"]
[Result "1-0"]
[WhiteElo "2417"]
[BlackElo "2490"]
[EventDate "2008.08.03"]
[PlyCount "91"]

1.e4 c5 2.Nf3 d6 3.d4 cxd4 4.Qxd4 a6 5.Be3 Nc6 6.Qd2 Nf6 7.Nc3 Bg4 8.h3 
Bxf3 9.gxf3 g6 10.O-O-O Qa5 11.Bc4 Bg7 12.Bb3 Nd7 13.h4 Bxc3 14.bxc3 h5 
15.Rhg1 Nb6 16.Bxb6 Qxb6 17.f4 a5 18.a4 Rf8 19.e5 O-O-O 20.e6 fxe6 21.
Bxe6+ Kb8 22.Rxg6 Qc5 23.Kb2 d5 24.Qe3 Qc4 25.Rg5 Qxa4 26.Rdxd5 Qxf4 27.
Rxh5 Rxd5 28.Qxf4+ Rxf4 29.Bxd5 Kc7 30.f3 Kd6 31.Be4 Ne5 32.Bxb7 Nxf3 33.
Bxf3 Rxf3 34.Rxa5 Rh3 35.Rh5 e5 36.Kb3 e4 37.Kc4 Rh2 38.Kd4 Rxc2 39.Rd5+ 
Kc6 40.Re5 Kd6 41.Rxe4 Rd2+ 42.Kc4 Rh2 43.Rd4+ Kc6 44.Rg4 Rh1 45.Rg6+ Kc7 
46.Rh6 1-0

[Event "47th World U20 ch"]
[Site "Gaziantep TUR"]
[Date "2008.08.15"]
[Round "13.22"]
[White "Akshayraj, Kore"]
[Black "Sanikidze, Tornike"]
[Result "1/2-1/2"]
[WhiteElo "2392"]
[BlackElo "2486"]
[EventDate "2008.08.03"]
[PlyCount "20"]

1.e4 e5 2.Bc4 Nf6 3.d3 Nc6 4.Nf3 Be7 5.O-O O-O 6.Re1 d6 7.c3 Na5 8.Bb5 a6 
9.Ba4 b5 10.Bc2 c5 1/2-1/2

[Event "47th World U20 ch"]
[Site "Gaziantep TUR"]
[Date "2008.08.15"]
[Round "13.23"]
[White "Sirin, Atakan"]
[Black "Swiercz, Dariusz"]
[Result "1-0"]
[WhiteElo "2107"]
[BlackElo "2456"]
[EventDate "2008.08.03"]
[PlyCount "107"]

1.d4 Nf6 2.Nc3 d5 3.Bg5 Nbd7 4.Qd3 c5 5.O-O-O e6 6.Nf3 cxd4 7.Qxd4 h6 8.
Bxf6 Qxf6 9.e4 Qxd4 10.Nxd4 dxe4 11.Ndb5 Kd8 12.Nxe4 a6 13.Nbd6 Bxd6 14.
Nxd6 Ke7 15.g3 Rd8 16.Bg2 Nc5 17.Nc4 a5 18.Rxd8 Kxd8 19.Rd1+ Ke7 20.Nb6 
Rb8 21.a3 g5 22.Rd4 Nd7 23.Nxc8+ Rxc8 24.Bxb7 Rc7 25.Bf3 f5 26.Be2 Nb6 27.
b3 g4 28.Kb2 h5 29.Bb5 Rc8 30.c4 e5 31.Rd2 Ke6 32.Kc3 f4 33.b4 axb4+ 34.
axb4 f3 35.Kb3 Rb8 36.Bc6 Na8 37.c5 Nc7 38.Kc4 Kf5 39.Bd7+ Kg5 40.b5 e4 
41.b6 Na8 42.Rb2 Kf6 43.Bc6 e3 44.fxe3 Ke5 45.Bxa8 Rxa8 46.b7 Rb8 47.c6 
Kd6 48.Kb5 Rf8 49.Rd2+ Ke7 50.c7 f2 51.Rxf2 Rxf2 52.c8=Q Rb2+ 53.Kc4 Rc2+ 
54.Kd5 1-0

[Event "47th World U20 ch"]
[Site "Gaziantep TUR"]
[Date "2008.08.15"]
[Round "13.24"]
[White "Abdulov, Orkhan"]
[Black "Sengupta, Deep"]
[Result "0-1"]
[WhiteElo "2318"]
[BlackElo "2454"]
[EventDate "2008.08.03"]
[PlyCount "80"]

1.e4 e5 2.Nf3 Nc6 3.Bb5 Nge7 4.O-O g6 5.c3 Bg7 6.d4 exd4 7.cxd4 d5 8.e5 
Bg4 9.Bg5 Qd7 10.Nbd2 a6 11.Bxc6 Nxc6 12.h3 Bf5 13.Nb3 b6 14.Rc1 a5 15.Bf6
O-O 16.Rc3 a4 17.Nbd2 Bxf6 18.exf6 Qd6 19.g4 Bd7 20.Ne5 Nxe5 21.dxe5 Qxe5 
22.Qf3 Rfe8 23.Re3 Qg5 24.Rfe1 h5 25.Kh2 Rxe3 26.Rxe3 hxg4 27.hxg4 Bxg4 
28.Qg3 Qxf6 29.Kg1 Bf5 30.Nf3 a3 31.bxa3 Be4 32.Ne5 Re8 33.f4 Kg7 34.a4 
Rh8 35.Rc3 c5 36.a5 bxa5 37.Rxc5 Qb6 38.Qc3 Qb1+ 39.Kf2 Rh2+ 40.Ke3 Qg1# 
0-1

[Event "47th World U20 ch"]
[Site "Gaziantep TUR"]
[Date "2008.08.15"]
[Round "13.25"]
[White "Pruijssers, Roeland"]
[Black "Yaksin, Oleg"]
[Result "1/2-1/2"]
[WhiteElo "2452"]
[BlackElo "2307"]
[EventDate "2008.08.03"]
[PlyCount "117"]

1.e4 c5 2.Nf3 d6 3.d4 cxd4 4.Nxd4 Nf6 5.Nc3 Nc6 6.Bg5 e6 7.Qd2 Be7 8.O-O-O
O-O 9.f4 h6 10.Bxf6 Bxf6 11.Ndb5 Qa5 12.Nxd6 Nb4 13.e5 Nxa2+ 14.Nxa2 Qxa2 
15.Qb4 Bd8 16.Bc4 Qa1+ 17.Kd2 Ba5 18.Rxa1 Bxb4+ 19.c3 Bxd6 20.exd6 Rd8 21.
Ke3 Rxd6 22.Rad1 Rxd1 23.Rxd1 Kf8 24.Rd8+ Ke7 25.Rg8 b6 26.Rxg7 Bb7 27.f5 
Kf6 28.Rh7 Rc8 29.fxe6 Rxc4 30.Rxf7+ Kxe6 31.Rxb7 Ra4 32.Rh7 Ra2 33.Rxh6+ 
Ke7 34.Rh7+ Kd6 35.Kf3 a5 36.b4 a4 37.c4 Rb2 38.c5+ bxc5 39.bxc5+ Kxc5 40.
Ra7 Rb3+ 41.Kf4 Rb4+ 42.Kg3 Kb6 43.Ra8 Kb7 44.Ra5 Kb6 45.Ra8 Kb7 46.Rf8 a3
47.Rf1 a2 48.Ra1 Rb3+ 49.Kg4 Rb2 50.Kh3 Kc6 51.g4 Kd6 52.Kg3 Ke6 53.h4 Kf6
54.g5+ Kg6 55.Kf4 Rb4+ 56.Ke5 Rxh4 57.Rxa2 Kxg5 58.Rg2+ Rg4 59.Rxg4+ 
1/2-1/2

[Event "47th World U20 ch"]
[Site "Gaziantep TUR"]
[Date "2008.08.15"]
[Round "13.26"]
[White "Khamrakulov, Dzhurabek"]
[Black "Pacher, Milan"]
[Result "1-0"]
[WhiteElo "2554"]
[BlackElo "2361"]
[EventDate "2008.08.03"]
[PlyCount "79"]

1.e4 c5 2.Nf3 Nc6 3.c3 d5 4.exd5 Qxd5 5.d4 Bg4 6.Be2 e6 7.O-O Nf6 8.h3 Bh5
9.Na3 a6 10.Nc2 cxd4 11.Ncxd4 Bc5 12.Be3 O-O 13.Nxc6 Qxc6 14.Nd4 Bxd4 15.
Bxd4 Bxe2 16.Qxe2 Qe4 17.Qxe4 Nxe4 18.Rad1 Rfd8 19.Rfe1 Nf6 20.Bxf6 gxf6 
21.Kf1 Kf8 22.Ke2 Ke7 23.Rxd8 Rxd8 24.Rd1 Rxd1 25.Kxd1 f5 26.Kd2 e5 27.g3 
Kf6 28.c4 Kg5 29.Ke3 f4+ 30.gxf4+ Kh4 31.fxe5 Kxh3 32.Kf3 h5 33.Kf4 Kg2 
34.Kg5 Kxf2 35.Kxh5 Ke3 36.Kg5 Kd4 37.Kf6 a5 38.b3 a4 39.bxa4 b6 40.a5 1-0

[Event "47th World U20 ch"]
[Site "Gaziantep TUR"]
[Date "2008.08.15"]
[Round "13.27"]
[White "Kulakov, Viacheslav"]
[Black "Stupak, Kirill"]
[Result "1-0"]
[WhiteElo "2360"]
[BlackElo "2458"]
[EventDate "2008.08.03"]
[PlyCount "79"]

1.d4 Nf6 2.Nf3 e6 3.Bg5 h6 4.Bxf6 Qxf6 5.e4 Qd8 6.Bd3 Be7 7.O-O O-O 8.Nbd2
b6 9.Qe2 Bb7 10.c3 d6 11.e5 d5 12.Ne1 c5 13.f4 cxd4 14.cxd4 Nc6 15.Nc2 Re8
16.Rf3 g6 17.g4 Bf8 18.f5 exf5 19.gxf5 Qh4 20.Qf2 Qxf2+ 21.Kxf2 f6 22.exf6
g5 23.Rg1 Kf7 24.h4 Nb4 25.hxg5 hxg5 26.Nxb4 Bxb4 27.Rxg5 Bxd2 28.Rg7+ 
Kxf6 29.Rxb7 Be1+ 30.Kf1 Bh4 31.Rh3 Rh8 32.Rd7 Rae8 33.Rd6+ Kg5 34.Rf3 Rh6
35.f6 Kg4 36.Kg2 Bg5 37.f7 Rf8 38.Bf5+ Kh5 39.Rh3+ Bh4 40.Bg4+ 1-0

[Event "47th World U20 ch"]
[Site "Gaziantep TUR"]
[Date "2008.08.15"]
[Round "13.29"]
[White "Georgescu, Tiberiu"]
[Black "Dragicevic, Drazen"]
[Result "1/2-1/2"]
[WhiteElo "2442"]
[BlackElo "2302"]
[EventDate "2008.08.03"]
[PlyCount "54"]

1.d4 Nf6 2.c4 g6 3.Nc3 d5 4.Nf3 Bg7 5.Qb3 dxc4 6.Qxc4 O-O 7.e4 Na6 8.Be2 
c5 9.d5 e6 10.O-O exd5 11.exd5 Bf5 12.Bf4 Qb6 13.Be5 Rfe8 14.d6 Nd7 15.
Bxg7 Kxg7 16.Nb5 f6 17.Bd3 Be6 18.Qc1 c4 19.Bxc4 Bxc4 20.Qxc4 Rac8 21.Nc7 
Nxc7 22.dxc7 Rxc7 23.Qf4 Ne5 24.Nxe5 Rxe5 25.b3 Re2 26.Rae1 g5 27.Qf3 Rxe1
1/2-1/2

[Event "47th World U20 ch"]
[Site "Gaziantep TUR"]
[Date "2008.08.15"]
[Round "13.32"]
[White "Toufighi, Homayoon"]
[Black "Sarenac, Ivan"]
[Result "1-0"]
[WhiteElo "2425"]
[BlackElo "2289"]
[EventDate "2008.08.03"]
[PlyCount "73"]

1.e4 e5 2.Nf3 Nc6 3.Nc3 Nf6 4.d4 exd4 5.Nxd4 Bb4 6.Nxc6 bxc6 7.Bd3 d5 8.e5
Ne4 9.Bxe4 Bxc3+ 10.bxc3 dxe4 11.Qe2 Qd5 12.Ba3 Qxe5 13.O-O c5 14.Bxc5 f5 
15.Bd4 Qe7 16.Qc4 Be6 17.Qc6+ Kf7 18.Rfd1 Qd6 19.Qb5 Rhd8 20.Qe2 Qe7 21.
Qe3 Rd5 22.Bxa7 Ra5 23.Bd4 Bxa2 24.c4 Kg8 25.Bc3 Ra4 26.Qg3 h6 27.Qg6 Rf8 
28.Bb2 Qf7 29.Qg3 Ra6 30.Ba3 f4 31.Qc3 Rxa3 32.Qxa3 Bxc4 33.Qc5 f3 34.Ra7 
Be2 35.Rxc7 Qf6 36.Rb1 Qg6 37.Qxf8+ 1-0

[Event "47th World U20 ch"]
[Site "Gaziantep TUR"]
[Date "2008.08.15"]
[Round "13.33"]
[White "Djuraev, Sokhib"]
[Black "Alvarez Ramirez, Miguel Angel"]
[Result "1-0"]
[WhiteElo "2324"]
[BlackElo "2194"]
[EventDate "2008.08.03"]
[PlyCount "85"]

1.e4 c5 2.Nf3 d6 3.d4 cxd4 4.Nxd4 Nf6 5.f3 e5 6.Nb3 d5 7.Bg5 dxe4 8.Qxd8+ 
Kxd8 9.fxe4 Be7 10.Nc3 Be6 11.O-O-O+ Kc8 12.Be2 Nbd7 13.Kb1 a6 14.Rhf1 Rf8
15.Rf3 Kc7 16.Nd5+ Bxd5 17.exd5 Bd6 18.Rc3+ Kb8 19.Nd2 Bb4 20.Rb3 Bxd2 21.
Bxd2 Nxd5 22.Bf3 N7f6 23.c4 e4 24.cxd5 exf3 25.Bf4+ Ka7 26.Be3+ Kb8 27.
gxf3 a5 28.Bf4+ Ka7 29.Bc7 Ka6 30.Rb6+ Ka7 31.Rb5 b6 32.Rxb6 Ne8 33.Rc6 
Nxc7 34.Rxc7+ Kb6 35.Rdc1 a4 36.d6 Rad8 37.d7 f6 38.Rc8 Kb7 39.R1c7+ Kb6 
40.Rc6+ Kb5 41.Rc3 g5 42.a3 h5 43.R8c6 1-0

[Event "47th World U20 ch"]
[Site "Gaziantep TUR"]
[Date "2008.08.15"]
[Round "13.35"]
[White "Caspi, Israel"]
[Black "Vavric, Pavel"]
[Result "1-0"]
[WhiteElo "2412"]
[BlackElo "2218"]
[EventDate "2008.08.03"]
[PlyCount "177"]

1.e4 c6 2.d3 d5 3.Nd2 e5 4.Ngf3 Bd6 5.d4 exd4 6.exd5 cxd5 7.Nxd4 Nc6 8.Bb5
Ne7 9.O-O O-O 10.N2f3 a6 11.Bd3 Ng6 12.Re1 Bg4 13.Nxc6 bxc6 14.h3 Bd7 15.
c4 Be6 16.Ng5 Qf6 17.cxd5 cxd5 18.Qf3 Qxf3 19.Nxf3 a5 20.Nd4 Ne5 21.Bb5 
Rab8 22.a4 Bd7 23.Bf4 Bxb5 24.Nxb5 Nf3+ 25.gxf3 Bxf4 26.Rad1 Rfd8 27.Re7 
Bd6 28.Re3 g6 29.Kg2 Bb4 30.Nc7 d4 31.Red3 Rbc8 32.Nb5 Rc2 33.b3 Rb2 34.
Kg3 Kg7 35.Rc1 h5 36.f4 Be7 37.Rc7 Bb4 38.Nxd4 Re8 39.Nc2 Be1 40.Kf3 Rb1 
41.Rb7 Rb2 42.Nxe1 Rxe1 43.Rdd7 Rf1 44.Rxf7+ Kg8 45.Rfc7 Rbxf2+ 46.Kg3 
Rxf4 47.Rc8+ Rf8 48.Rxf8+ Kxf8 49.Kh4 Rf3 50.Kg5 Rxh3 51.Kxg6 h4 52.Kg5 
Rh1 53.Kg4 h3 54.Kg3 Ke8 55.Rb5 Kd7 56.Rxa5 Kc7 57.Rh5 h2 58.Rb5 Kc6 59.
Kg2 Rf1 60.Kxh2 Rf4 61.Kg3 Rd4 62.Kf3 Rh4 63.Ke3 Rg4 64.Kd3 Rh4 65.Kc3 Rf4
66.Kb2 Rf2+ 67.Ka3 Rf4 68.Rh5 Kb6 69.Rb5+ Ka6 70.Rb4 Rf5 71.Re4 Ka5 72.b4+
Kb6 73.Re6+ Kb7 74.a5 Rf3+ 75.Ka4 Rf4 76.a6+ Ka7 77.Ka5 Rf1 78.Re7+ Kb8 
79.b5 Rf5 80.Rd7 Rf6 81.Kb4 Rf4+ 82.Kc5 Rf1 83.Kc6 Rf6+ 84.Rd6 Rf8 85.Kb6 
Rh8 86.Kc6 Rc8+ 87.Kd5 Rg8 88.b6 Rh8 89.Kc6 1-0

[Event "47th World U20 ch"]
[Site "Gaziantep TUR"]
[Date "2008.08.15"]
[Round "13.36"]
[White "Narmontas, Matas"]
[Black "Apaydin, Fethi"]
[Result "1-0"]
[WhiteElo "2369"]
[BlackElo "2187"]
[EventDate "2008.08.03"]
[PlyCount "45"]

1.e4 d5 2.exd5 Nf6 3.Bb5+ Bd7 4.Bc4 Bg4 5.f3 Bf5 6.g4 Bg6 7.Nc3 a6 8.g5 b5
9.Bb3 b4 10.gxf6 bxc3 11.fxg7 cxd2+ 12.Qxd2 Bxg7 13.h4 h5 14.Ne2 Nd7 15.
Nf4 O-O 16.Qg2 Kh7 17.Rg1 Ne5 18.Nxh5 Bh8 19.f4 Bxh5 20.fxe5 e6 21.Qe4+ 
Bg6 22.Qf4 exd5 23.h5 1-0

[Event "47th World U20 ch"]
[Site "Gaziantep TUR"]
[Date "2008.08.15"]
[Round "13.37"]
[White "Anton, Teodor"]
[Black "Constantinou, Peter"]
[Result "1-0"]
[WhiteElo "2353"]
[BlackElo "2225"]
[EventDate "2008.08.03"]
[PlyCount "53"]

1.d4 g6 2.c4 Bg7 3.Nf3 d6 4.g3 Nf6 5.Bg2 O-O 6.O-O c6 7.Nc3 Bg4 8.h3 Bxf3 
9.Bxf3 Nbd7 10.e4 e5 11.Be3 exd4 12.Bxd4 Re8 13.Bg2 Qa5 14.Rc1 Rad8 15.f4 
Nc5 16.Qc2 Ng4 17.Bxg7 Ne3 18.Qf2 Nxf1 19.Bf6 Nd3 20.Bxd8 Rxd8 21.Qxf1 
Qc5+ 22.Kh2 Nxc1 23.Qxc1 Qxc4 24.Qd2 b5 25.e5 d5 26.Ne4 Qxa2 27.f5 1-0